Top 25 Best Food Regions - Statistics

General Stats
  • This quiz has been taken 22 times
  • The average score is 5 of 25
Answer Stats
Hint Country Answer % Correct
8. Italy Tuscany
76%
12. Italy Sicily
67%
6. Greece Crete
52%
22. Italy Lombardy
48%
20. Portugal Algarve
38%
13. Indonesia Java
29%
18. France Brittany
24%
1. Italy Campania
24%
19. France Normandy
24%
24. Italy Apulia
19%
10. Greece Macedonia
19%
25. Italy Piedmont
19%
4. China Sichuan
19%
3. Italy Emilia-Romagna
14%
2. Greece Peloponnese
14%
7. India Punjab
14%
21. Spain Galicia
10%
23. Mexico Yucatán Peninsula
10%
9. Portugal Alentejo
5%
16. Greece Thessaly
5%
5. Greece Cyclades
0%
15. Japan Kansai Region
0%
11. Greece North Aegean
0%
17. Serbia Southern and Eastern Serbia
0%
14. Portugal Trás-os-Montes
0%
No matching quizzes found
Score Distribution
Percent of People with Each Score
Percentile by Number Answered
Your Score History
You have not taken this quiz